Statistics for Top 20 Operas Performed Most Often

Click here to take the quiz!

General Stats

  • This quiz has been taken 310 times
  • The average score is 10 of 20

Answer Stats

#opera% Correct
477Carmen
84%
464Die Zauberflöte (The Magic Flute)
80%
471La bohème
76%
553La traviata
75%
272Aida
71%
418Tosca
69%
418Madama Butterfly
68%
355Don Giovanni
66%
397Le nozze di Figaro (The Marriage of Figaro)
66%
410Il barbiere di Siviglia (The Barber of Seville)
64%
395Rigoletto
60%
224Turandot
58%
255Così fan tutte
41%
190Il Trovatore
35%
224Nabucco
31%
256L'elisir d'Amore (The Elixir of Love)
21%
226Eugene Onegin
20%
195Pagliacci
20%
274Die Fledermaus
14%
245Hänsel und Gretel
9%

Score Distribution

Percentile by Number Answered

Percent of People with Each Score

Your Score History

You have not taken this quiz